Capita Alternative Fund Services (Guernsey) Ltd (formerly known as Royal & SunAlliance Trust (Channel Islands) Limited) v Matrix Securities Ltd and Drivers Jonas (a firm) (Record no. 83675)

MARC details
000 -LEADER
fixed length control field 01592cab a22002055a 4500
001 - CONTROL NUMBER
control field L154581
008 - FIXED-LENGTH DATA ELEMENTS--GENERAL INFORMATION
fixed length control field 120103e2011 xxk 000 0 eng d
035 ## - SYSTEM CONTROL NUMBER
System control number (Sirsi) u154581
041 0# - LANGUAGE CODE
Language code of text/sound track or separate title eng
245 00 - TITLE STATEMENT
Title Capita Alternative Fund Services (Guernsey) Ltd (formerly known as Royal & SunAlliance Trust (Channel Islands) Limited) v Matrix Securities Ltd and Drivers Jonas (a firm)
Medium [electronic resource]
260 ## - PUBLICATION, DISTRIBUTION, ETC.
Date of publication, distribution, etc. 2011
520 ## - SUMMARY, ETC.
Summary, etc. [2011] EWHC 2336 (Comm), 9 September 2011. Professionals should not act without the required expertise. Defendant valuers D had valued in 2001 an 145 000 sq ft factory outlet shopping centre in Chatham Historic Dockyards for claimant C who subsequently purchased the property for £62.85m. C claimed that D had over-valued the property by £18.05m and also sought recompense from D for all losses suffered as a consequence of D's negligent professional advice. "Held": Court found in favour of C in respect of the £18.05m over-valuation. D's staff were not experienced enough to carry out this valuation and were responsible for the over-valuation. D was however not liable for any other of C's losses.
590 ## - LOCAL NOTE (RLIN)
Local note KA
650 24 - SUBJECT ADDED ENTRY--TOPICAL TERM
Topical term or geographic name entry element CAPITA ALTERNATIVE FUND SERVICES (GUERNSEY) LTD V MATRIX SECURITIES LTD AND DRIVERS JONAS (A FIRM)
650 24 - SUBJECT ADDED ENTRY--TOPICAL TERM
Topical term or geographic name entry element BOLITHO V CITY AND HACKNEY HEALTH AUTHORITY
651 #4 - SUBJECT ADDED ENTRY--GEOGRAPHIC NAME
Geographic name England and Wales
Chronological subdivision 1543-
690 ## - LOCAL SUBJECT ADDED ENTRY--TOPICAL TERM (OCLC, RLIN)
Topical term or geographic name as entry element MANAGEMENT-BUSINESS MANAGEMENT-PROFESSIONAL PRACTICE-NEGLIGENCE
856 40 - ELECTRONIC LOCATION AND ACCESS
Uniform Resource Identifier <a href="https://www.bailii.org/ew/cases/EWHC/Comm/2011/2336.html">https://www.bailii.org/ew/cases/EWHC/Comm/2011/2336.html</a>
Public note View the law report free of charge at www.bailii.org
942 ## - ADDED ENTRY ELEMENTS (KOHA)
Suppress in OPAC 0
Holdings
Withdrawn status Lost status Source of classification or shelving scheme Damaged status Not for loan Home library Current library Shelving location Date acquired Total Checkouts Full call number Barcode Date last seen Copy number Price effective from Koha item type
    Dewey Decimal Classification     Virtual Virtual Online 30/12/2011   ONLINE PUBLICATION 154581-2001 06/08/2019 1 06/08/2019 Law report